000 00907nmm a2200277 a 4500
001 ocm000565552
003 TR-IsHL
005 20201028122533.0
008 131028s2011 tu tur
007 cr cn
020 _a9786054259533
035 _a565552
_b(N$T)
050 0 4 _aHF5625
_b.D33 2011
090 0 4 _aHF5625
_b.D33 2011
100 1 _aDabbağoğlu, Kadir
245 1 0 _aMuhasebe teorisi: fonksiyonel yaklaşım, kontrol - kayıt - raporlama - analiz
_h[electronic resource] /
_cKadir Dabbağoğlu
250 _a1. bs.
260 _aİstanbul :
_bTürkmen Kitabevi,
_c2011
300 _a250 p.
650 4 _aEkonomi ve Finans
650 4 _aEconomics and Finance
650 0 _aMuhasebe
650 0 _aAccounting
650 7 _aBUSINESS & ECONOMICS / Accounting / General
_2bisacsh
856 4 0 _uhttp://search.ebscohost.com/login.aspx?direct=true&scope=site&db=e011xww&AN=565552
999 _c1922
_d1922